[Event "LIB-chT"]
[Site "Beirut"]
[Date "2025.01.16"]
[Round "8.4"]
[White "Slim, Nadim"]
[Black "Hammoud, Nadim"]
[Result "0-1"]
[WhiteElo "1801"]
[BlackElo "1903"]
[PlyCount "70"]
[EventDate "2025.01.09"]
[EventType "team-tourn"]
[EventRounds "9"]
[EventCountry "LBN"]
[SourceTitle "CB12_2025"]
[SourceDate "2025.03.19"]
[SourceVersion "1"]
[SourceVersionDate "2025.03.19"]
[SourceQuality "1"]
[WhiteTeam "Army"]
[BlackTeam "Soviet"]
[WhiteTeamCountry "LBN"]
[BlackTeamCountry "LBN"]

1. d4 d6 2. e4 Nf6 3. Nc3 g6 4. h3 Bg7 5. Be3 a6 6. a4 Nc6 7. Nf3 0-0 8. Be2 e5 9. 0-0 h6 10. Qd2 Kh7 11. Rad1 Qe7 12. d5 Nd8 13. Nh2 Ng8 14. f4 f5 15. fxe5 Bxe5 16. exf5 Bxf5 17. Ng4 Bg7 18. Bd4 Bxd4+ 19. Qxd4 Bxc2 20. Rxf8 Qxf8 21. Rf1 Qg7 22. Qf4 Bf5 23. Ne3 Bd7 24. Bd3 Be8 25. h4 Nf7 26. h5 Ne5 27. Bc2 Kh8 28. Kh1 Ne7 29. Ng4 Nxg4 30. Qxg4 gxh5 31. Qe6 Ng6 32. Ne2 Ne5 33. Rf6 Ng4 34. Rf3 Bd7 35. Qe4 Re8 0-1

[Event "LIB-chT"]
[Site "Beirut"]
[Date "2025.01.12"]
[Round "4.4"]
[White "Attieh, Skye"]
[Black "Hammoud, Nadim"]
[Result "0-1"]
[WhiteElo "1769"]
[BlackElo "1903"]
[PlyCount "114"]
[EventDate "2025.01.09"]
[EventType "team-tourn"]
[EventRounds "9"]
[EventCountry "LBN"]
[SourceTitle "CB12_2025"]
[SourceDate "2025.03.19"]
[SourceVersion "1"]
[SourceVersionDate "2025.03.19"]
[SourceQuality "1"]
[WhiteTeam "Freres"]
[BlackTeam "Soviet"]
[WhiteTeamCountry "LBN"]
[BlackTeamCountry "LBN"]

1. e4 d6 2. d4 Nf6 3. Nc3 g6 4. Bg5 h6 5. Bxf6 exf6 6. Bc4 Bg7 7. Nge2 f5 8. exf5 Bxf5 9. 0-0 0-0 10. Ng3 Bd7 11. f4 Nc6 12. Nce2 Ne7 13. f5 Nxf5 14. Qd3 Qg5 15. Nxf5 Bxf5 16. Qb3 Rae8 17. Rf3 d5 18. Bd3 Bxd3 19. Qxd3 Re4 20. c3 Rfe8 21. Ng3 Re3 22. Qb5 b6 23. Raf1 R8e7 24. Qa6 c5 25. dxc5 bxc5 26. Qc8+ Bf8 27. R3f2 d4 28. cxd4 cxd4 29. Qc4 R3e6 30. Qxd4 Re1 31. Qc3 R7e3 32. Qc4 Rxf1+ 33. Rxf1 Qe7 34. Qg4 Bg7 35. Qf4 f5 36. Kh1 Kh7 37. b3 Re6 38. Qc4 Bf6 39. h3 Re3 40. Rf3 Rxf3 41. gxf3 Qe1+ 42. Kg2 Qd2+ 43. Kf1 Qxa2 44. h4 Qa1+ 45. Kg2 Qb2+ 46. Kf1 Qc3 47. Qf7+ Bg7 48. Kf2 Qd4+ 49. Kg2 Qxh4 50. Qxa7 Qg5 51. Qa5 h5 52. Kf2 Qf4 53. Kg2 h4 54. Ne2 h3+ 55. Kf2 Qh4+ 56. Ng3 Bd4+ 57. Ke2 Qxg3 0-1

[Event "LIB-chT"]
[Site "Beirut"]
[Date "2025.01.12"]
[Round "5.3"]
[White "Chidiac, Ghady"]
[Black "Hammoud, Nadim"]
[Result "0-1"]
[WhiteElo "1840"]
[BlackElo "1903"]
[PlyCount "66"]
[EventDate "2025.01.09"]
[EventType "team-tourn"]
[EventRounds "9"]
[EventCountry "LBN"]
[SourceTitle "CB12_2025"]
[SourceDate "2025.03.19"]
[SourceVersion "1"]
[SourceVersionDate "2025.03.19"]
[SourceQuality "1"]
[WhiteTeam "Animation"]
[BlackTeam "Soviet"]
[WhiteTeamCountry "LBN"]
[BlackTeamCountry "LBN"]

1. e4 d6 2. d4 Nf6 3. f3 g6 4. Be3 a6 5. Bd3 Nbd7 6. Ne2 b5 7. a4 b4 8. a5 Bg7 9. Qd2 Rb8 10. Ra4 c5 11. c3 bxc3 12. bxc3 0-0 13. 0-0 Ne8 14. f4 cxd4 15. cxd4 e5 16. fxe5 dxe5 17. d5 Nd6 18. Na3 f5 19. exf5 gxf5 20. Bh6 Nc5 21. Bxg7 Kxg7 22. Rc4 Nxc4 23. Bxc4 Ne4 24. Qe3 Qxa5 25. Kh1 Qc5 26. Qf3 Rb6 27. Ng3 Nd2 28. Nh5+ Kh8 29. Qg3 Qe7 30. Re1 Ne4 31. Qe3 Rg6 32. Nb1 Qh4 33. Qe2 Rg5 0-1

[Event "LIB-chT"]
[Site "Beirut"]
[Date "2025.01.10"]
[Round "2.3"]
[White "Hammoud, Nadim"]
[Black "Maasarani, Mahmoud"]
[Result "1-0"]
[WhiteElo "1903"]
[BlackElo "1935"]
[PlyCount "70"]
[EventDate "2025.01.09"]
[EventType "team-tourn"]
[EventRounds "9"]
[EventCountry "LBN"]
[SourceTitle "CB12_2025"]
[SourceDate "2025.03.19"]
[SourceVersion "1"]
[SourceVersionDate "2025.03.19"]
[SourceQuality "1"]
[WhiteTeam "Soviet"]
[BlackTeam "Ahli Saida"]
[WhiteTeamCountry "LBN"]
[BlackTeamCountry "LBN"]

1. e4 c6 2. d4 d5 3. exd5 cxd5 4. Bd3 Nc6 5. c3 Nf6 6. Bf4 Bg4 7. Qb3 Qd7 8. Nd2 e6 9. Ngf3 Bxf3 10. Nxf3 a6 11. 0-0 Be7 12. Rae1 0-0 13. Ne5 Qc8 14. Qd1 b5 15. a3 Na5 16. g4 Nc4 17. Qe2 Nd6 18. h4 Nfe4 19. f3 Nxc3 20. bxc3 Qxc3 21. Qf2 Nc4 22. Rc1 Qxa3 23. Bxc4 dxc4 24. Ra1 Qb3 25. Rfb1 Qc3 26. Bd2 Qc2 27. Rc1 Qb2 28. Rab1 Qa2 29. Nc6 Bxh4 30. Qxh4 Qxd2 31. Rd1 Qe3+ 32. Kg2 Qe2+ 33. Kg3 c3 34. Ne7+ Kh8 35. Qxh7+ Kxh7 1-0

[Event "LIB-chT"]
[Site "Beirut"]
[Date "2025.01.09"]
[Round "1.3"]
[White "Hammoud, Nadim"]
[Black "Housseiny, Ali"]
[Result "1-0"]
[WhiteElo "1903"]
[BlackElo "1663"]
[PlyCount "67"]
[EventDate "2025.01.09"]
[EventType "team-tourn"]
[EventRounds "9"]
[EventCountry "LBN"]
[SourceTitle "CB12_2025"]
[SourceDate "2025.03.19"]
[SourceVersion "1"]
[SourceVersionDate "2025.03.19"]
[SourceQuality "1"]
[WhiteTeam "Soviet"]
[BlackTeam "Sanabel"]
[WhiteTeamCountry "LBN"]
[BlackTeamCountry "LBN"]

1. e4 e5 2. Nf3 Nc6 3. Bc4 Bc5 4. c3 Nf6 5. d3 d6 6. Bb3 h6 7. Nbd2 Bb6 8. Nc4 Bg4 9. a4 Na5 10. Ba2 Nxc4 11. Bxc4 c6 12. h3 Bh5 13. g4 Bg6 14. Nh4 Nxe4 15. Nxg6 Bxf2+ 16. Kf1 fxg6 17. dxe4 Rf8 18. Kg2 Qh4 19. Qd3 Bb6 20. Rf1 Rf2+ 21. Kh1 0-0-0 22. a5 Rdf8 23. Be6+ Kb8 24. Qxd6+ Bc7 25. Qxf8+ Rxf8 26. Rxf8+ Bd8 27. Kg2 Qe7 28. Rg8 Kc7 29. Bb3 Qd7 30. Be3 Bf6 31. Rd1 Qe7 32. Bxa7 c5 33. Bb6+ Kc6 34. Ba4# 1-0

[Event "LIB-chT"]
[Site "Beirut"]
[Date "2017.09.06"]
[Round "1.2"]
[White "Farhat, Mohamed"]
[Black "Hammoud, Nadim"]
[Result "0-1"]
[WhiteElo "1806"]
[BlackElo "1889"]
[PlyCount "102"]
[EventDate "2017.09.06"]
[EventType "team"]
[EventRounds "9"]
[EventCountry "LBN"]
[SourceTitle "CBM 180 Extra"]
[Source "ChessBase"]
[SourceDate "2017.10.06"]
[SourceVersion "1"]
[SourceVersionDate "2017.10.06"]
[SourceQuality "1"]
[WhiteTeam "Tanmieah"]
[BlackTeam "Soviet Alumni"]
[WhiteTeamCountry "LBN"]
[BlackTeamCountry "LBN"]

1. d4 g6 2. c4 d6 3. Nc3 Bg7 4. Nf3 Nf6 5. h3 0-0 6. Bf4 Nbd7 7. e3 c5 8. Be2 cxd4 9. exd4 Nb6 10. 0-0 Bd7 11. Rc1 Rc8 12. b3 d5 13. c5 Na8 14. b4 Nc7 15. Ne5 Be8 16. Qd3 Ne6 17. Be3 Nd7 18. Nf3 Nb8 19. Qd2 b6 20. Bh6 Bxh6 21. Qxh6 Nc6 22. b5 Ncxd4 23. Nxd4 Nxd4 24. c6 Nf5 25. Qd2 d4 26. Ne4 e5 27. g4 Nd6 28. Ng3 f6 29. f4 Bf7 30. fxe5 fxe5 31. Bd3 Qh4 32. Kh2 Be6 33. Qe2 Nf7 34. Ne4 Nh6 35. Bc4 Bxc4 36. Qxc4+ Kg7 37. Qe6 Rce8 38. Qd7+ Re7 39. Qxe7+ Qxe7 40. Rxf8 Qxf8 41. Kg2 Qf4 42. Re1 d3 43. Nf2 d2 44. Rf1 Qc4 45. Rd1 Qxb5 46. Rxd2 Qxc6+ 47. Kg3 Nf7 48. Re2 Qc3+ 49. Kg2 Ng5 50. Kg1 Qg3+ 51. Kf1 Nxh3 0-1

[Event "Soviet Alumni op"]
[Site "Soviet Alumni"]
[Date "2016.12.29"]
[Round "6"]
[White "Hammoud, Nadim"]
[Black "Brounsouzian, Hrair"]
[Result "1-0"]
[WhiteElo "1877"]
[BlackElo "1880"]
[PlyCount "127"]
[EventDate "2016.12.22"]
[EventType "swiss"]
[EventRounds "7"]
[EventCountry "LBN"]
[SourceTitle "CBM 176 Extra"]
[Source "ChessBase"]
[SourceDate "2017.03.02"]
[SourceVersion "1"]
[SourceVersionDate "2017.03.02"]
[SourceQuality "1"]

1. e4 d6 2. d4 Nf6 3. Bd3 c6 4. Nf3 Bg4 5. h3 Bh5 6. c3 Nbd7 7. Nbd2 e5 8. Nf1 Qb6 9. g4 Bg6 10. Ng3 Be7 11. a4 a5 12. Qc2 Qc7 13. 0-0 0-0 14. Nh4 Rfe8 15. Nhf5 Bf8 16. f4 exf4 17. Bxf4 c5 18. Qf2 c4 19. Bc2 Qc6 20. Rae1 Nb6 21. e5 dxe5 22. Bxe5 Nfd7 23. Be4 Qxa4 24. Nd6 Bxd6 25. Bxg6 Nxe5 26. dxe5 fxg6 27. Qf7+ Kh8 28. exd6 Qc6 29. Re7 Rg8 30. Ne4 Nd5 31. Rxb7 Rad8 32. Ng5 Qxd6 33. Qf2 Rgf8 34. Nf7+ Rxf7 35. Rxf7 Rg8 36. Rf8 h6 37. Rxg8+ Kxg8 38. Rd1 Qe5 39. Qf3 Nf4 40. Rf1 g5 41. Rd1 Nd3 42. Rf1 Nf4 43. Rf2 Qe1+ 44. Kh2 Qe5 45. Qg3 Qe1 46. Rxf4 Qxg3+ 47. Kxg3 gxf4+ 48. Kxf4 Kf7 49. Ke5 Kg6 50. Kd5 Kg5 51. Kxc4 Kh4 52. b4 axb4 53. cxb4 Kxh3 54. b5 Kxg4 55. b6 g5 56. b7 h5 57. b8Q Kh3 58. Qe5 Kg4 59. Kd3 h4 60. Ke3 h3 61. Qh2 Kh4 62. Kf3 g4+ 63. Kf4 Kh5 64. Qg3 1-0

[Event "LIB-chT"]
[Site "Beirut"]
[Date "2016.07.30"]
[Round "8.5"]
[White "Habash, Mohamad"]
[Black "Hammoud, Nadim"]
[Result "1-0"]
[WhiteElo "1833"]
[BlackElo "1918"]
[PlyCount "75"]
[EventDate "2016.07.22"]
[EventType "team-tourn"]
[EventRounds "9"]
[EventCountry "LBN"]
[SourceTitle "EXT 2017"]
[Source "ChessBase"]
[SourceDate "2016.10.25"]
[SourceVersion "1"]
[SourceVersionDate "2016.10.25"]
[SourceQuality "1"]
[WhiteTeam "Ahli Saida"]
[BlackTeam "Soviet Alumni"]
[WhiteTeamCountry "LBN"]
[BlackTeamCountry "LBN"]

1. c4 e5 2. Nc3 Nc6 3. g3 Bc5 4. Bg2 f5 5. d3 Nf6 6. Nf3 d6 7. 0-0 Be6 8. Bg5 h6 9. Bxf6 gxf6 10. e3 Bb6 11. Qa4 Bd7 12. Qd1 Be6 13. Nh4 Qd7 14. Nd5 Qf7 15. a3 0-0-0 16. b4 Ne7 17. Nxe7+ Qxe7 18. Ng6 Qd7 19. Nxh8 Rxh8 20. a4 c6 21. a5 Bc7 22. a6 b6 23. Qa4 d5 24. cxd5 Bxd5 25. Bxd5 Qxd5 26. Rac1 Kd7 27. Rc3 Bd6 28. Rfc1 Rc8 29. b5 cxb5 30. Qh4 Rxc3 31. Rxc3 b4 32. Rc1 Ke6 33. Qxh6 Qxd3 34. Qh8 Bc5 35. Qe8+ Kd5 36. Qd7+ Bd6 37. Qf7+ Ke4 38. Qb7+ 1-0

[Event "LIB-chT"]
[Site "Beirut"]
[Date "2016.07.22"]
[Round "1.4"]
[White "Kaloust, Giorgio"]
[Black "Hammoud, Nadim"]
[Result "1/2-1/2"]
[WhiteElo "1446"]
[BlackElo "1918"]
[PlyCount "104"]
[EventDate "2016.07.22"]
[EventType "team-tourn"]
[EventRounds "9"]
[EventCountry "LBN"]
[SourceTitle "EXT 2017"]
[Source "ChessBase"]
[SourceDate "2016.10.25"]
[SourceVersion "1"]
[SourceVersionDate "2016.10.25"]
[SourceQuality "1"]
[WhiteTeam "Riyadi"]
[BlackTeam "Soviet Alumni"]
[WhiteTeamCountry "LBN"]
[BlackTeamCountry "LBN"]

1. d4 Nf6 2. c4 g6 3. Nc3 d5 4. Nf3 Bg7 5. Bf4 0-0 6. e3 c6 7. h3 Re8 8. Bd3 Nbd7 9. cxd5 Nxd5 10. Nxd5 cxd5 11. 0-0 e5 12. dxe5 Nxe5 13. Bb5 Nxf3+ 14. Qxf3 Re4 15. Rad1 Be6 16. b3 Rb4 17. Bc4 d4 18. Bxe6 fxe6 19. Qe4 Qb6 20. exd4 Bxd4 21. Be3 Bxe3 22. Qxe3 Rf8 23. Rfe1 Qxe3 24. Rxe3 Rbf4 25. Rd2 R4f6 26. Rde2 Re8 27. f3 Re7 28. Kf2 Kf7 29. Ke1 Rf5 30. Rd3 Rc5 31. Red2 Rec7 32. Rd7+ Kf6 33. Rxc7 Rxc7 34. Ke2 Ke5 35. Kf2 Kf5 36. Ke3 Rc3+ 37. Kd4 Rc7 38. Ke3 g5 39. Re2 h5 40. g4+ hxg4 41. hxg4+ Ke5 42. Kf2+ Kf6 43. Ke3 Rc3+ 44. Ke4 Rc5 45. Rh2 Re5+ 46. Kd4 Rd5+ 47. Ke4 Rb5 48. Rh6+ Ke7 49. Rh2 Kf6 50. Rh6+ Ke7 51. Rh2 Kf6 52. Rh6+ Ke7 1/2-1/2

[Event "Beirut op 8th"]
[Site "Beirut"]
[Date "2015.09.24"]
[Round "6"]
[White "Hammoud, Nadim"]
[Black "Tarraf, Tarraf"]
[Result "1/2-1/2"]
[WhiteElo "1929"]
[BlackElo "1656"]
[PlyCount "94"]
[EventDate "2015.09.19"]
[EventType "swiss"]
[EventRounds "9"]
[EventCountry "LBN"]
[SourceTitle "EXT 2016"]
[Source "ChessBase"]
[SourceDate "2015.10.08"]
[SourceVersion "1"]
[SourceVersionDate "2015.10.08"]
[SourceQuality "1"]

1. c4 Nf6 2. g3 e5 3. Bg2 Bc5 4. Nc3 a6 5. d3 0-0 6. Nf3 Nc6 7. 0-0 d6 8. h3 Nh5 9. Kh2 f5 10. Bg5 Qe8 11. Nd5 Qf7 12. e4 f4 13. g4 Nf6 14. Bxf6 gxf6 15. Nh4 Nd4 16. b4 Ba7 17. Nf5 Bxf5 18. exf5 c6 19. Nc3 Rad8 20. f3 d5 21. c5 b6 22. cxb6 Bxb6 23. Ne2 a5 24. Nxd4 Bxd4 25. Rc1 axb4 26. Rxc6 Rc8 27. Qa4 Qd7 28. Rfc1 Bc3 29. Ra6 Qxa4 30. Rxa4 Ra8 31. Rxa8 Rxa8 32. Rc2 d4 33. Bf1 Ra3 34. Rg2 Be1 35. Rc2 Rc3 36. Rb2 Kf7 37. Be2 Rc1 38. Kg2 Bc3 39. Rb3 Rc2 40. Kf1 Rxa2 41. Rb1 Ra3 42. Bd1 Ra6 43. Bb3+ Ke7 44. h4 h6 45. Kg2 Kf8 46. Kh3 Ra7 47. g5 Kg7 1/2-1/2

[Event "Beirut op 8th"]
[Site "Beirut"]
[Date "2015.09.23"]
[Round "5"]
[White "Abdullatif, Hassan"]
[Black "Hammoud, Nadim"]
[Result "0-1"]
[WhiteElo "1414"]
[BlackElo "1929"]
[PlyCount "43"]
[EventDate "2015.09.19"]
[EventType "swiss"]
[EventRounds "9"]
[EventCountry "LBN"]
[SourceTitle "EXT 2016"]
[Source "ChessBase"]
[SourceDate "2015.10.08"]
[SourceVersion "1"]
[SourceVersionDate "2015.10.08"]
[SourceQuality "1"]

1. e4 g6 2. Nf3 Bg7 3. Nc3 c6 4. d4 d5 5. e5 f6 6. Bf4 Nd7 7. Bd3 fxe5 8. Nxe5 Nh6 9. 0-0 Nxe5 10. Bxe5 Bxe5 11. dxe5 Ng4 12. Qe2 Qb6 13. Rad1 Qxb2 14. Nxd5 cxd5 15. Bb5+ Kf8 16. Rxd5 Be6 17. Qf3+ Kg7 18. Rc5 Qb4 19. Rc7 Raf8 20. Qxb7 Rf7 21. c3 Qf4 22. Rxe7 0-1

[Event "Beirut op 8th"]
[Site "Beirut"]
[Date "2015.09.22"]
[Round "4"]
[White "Hammoud, Nadim"]
[Black "Ibrahim, Hatim"]
[Result "0-1"]
[WhiteElo "1929"]
[BlackElo "2316"]
[PlyCount "58"]
[EventDate "2015.09.19"]
[EventType "swiss"]
[EventRounds "9"]
[EventCountry "LBN"]
[SourceTitle "EXT 2016"]
[Source "ChessBase"]
[SourceDate "2015.10.08"]
[SourceVersion "1"]
[SourceVersionDate "2015.10.08"]
[SourceQuality "1"]

1. e4 c5 2. Nf3 e6 3. d4 cxd4 4. Nxd4 Nc6 5. Nc3 Qc7 6. Be2 a6 7. Be3 Nf6 8. f4 Bb4 9. Bf3 d5 10. exd5 exd5 11. 0-0 Bxc3 12. bxc3 0-0 13. c4 dxc4 14. Nxc6 bxc6 15. Qd4 Be6 16. Qc5 Bd5 17. Bxd5 Nxd5 18. Bd4 Rfe8 19. Qxc4 Nxf4 20. Rf2 Re4 21. Raf1 Rae8 22. c3 Ne2+ 23. Rxe2 Rxe2 24. Qxa6 Qd7 25. Qc4 Qd5 26. Qxd5 cxd5 27. a3 Ra2 28. Bc5 Ree2 29. Rf2 Rxf2 0-1

[Event "Beirut op 8th"]
[Site "Beirut"]
[Date "2015.09.21"]
[Round "3"]
[White "Haidar, Wassim"]
[Black "Hammoud, Nadim"]
[Result "0-1"]
[WhiteElo "1576"]
[BlackElo "1929"]
[PlyCount "82"]
[EventDate "2015.09.19"]
[EventType "swiss"]
[EventRounds "9"]
[EventCountry "LBN"]
[SourceTitle "EXT 2016"]
[Source "ChessBase"]
[SourceDate "2015.10.08"]
[SourceVersion "1"]
[SourceVersionDate "2015.10.08"]
[SourceQuality "1"]

1. Nf3 d5 2. g3 Nf6 3. Bg2 c6 4. d4 g6 5. 0-0 Bg7 6. Nbd2 0-0 7. Qe1 Nbd7 8. e4 dxe4 9. Nxe4 Nxe4 10. Qxe4 Nf6 11. Qh4 Nh5 12. Bg5 Re8 13. Rfe1 Be6 14. Re2 h6 15. Bxh6 Bxh6 16. Rxe6 fxe6 17. g4 Qa5 18. Ne5 Qd2 19. gxh5 Qg5 20. Qxg5 Bxg5 21. hxg6 Bf6 22. Re1 Kg7 23. Be4 Rad8 24. c3 Bxe5 25. dxe5 Rd2 26. Re3 Rxb2 27. Rh3 Rh8 28. Rf3 Rf8 29. Rh3 Rfxf2 30. Rh7+ Kg8 31. Rxe7 Rfe2 32. Re8+ Kg7 33. Re7+ Kf8 34. Rf7+ Kg8 35. Bd3 Rg2+ 36. Kf1 Rxh2 37. Be4 Rxa2 38. Kg1 Rhe2 39. Bd3 Ra1+ 40. Rf1 Rxf1+ 41. Kxf1 Rxe5 0-1

[Event "Beirut op 7th"]
[Site "Beirut"]
[Date "2014.05.13"]
[Round "9"]
[White "Chahrour, Ibrahim"]
[Black "Hammoud, Nadim"]
[Result "1-0"]
[WhiteElo "2117"]
[BlackElo "1920"]
[PlyCount "59"]
[EventDate "2014.05.06"]
[EventType "swiss"]
[EventRounds "9"]
[EventCountry "LBN"]
[SourceTitle "EXT 2016"]
[Source "ChessBase"]
[SourceDate "2015.10.08"]
[SourceVersion "1"]
[SourceVersionDate "2015.10.08"]
[SourceQuality "1"]

1. e4 c5 2. Nf3 Nc6 3. d4 cxd4 4. Nxd4 d6 5. Nc3 g6 6. Be3 Bg7 7. Qd2 Nf6 8. f3 0-0 9. Bc4 Nxd4 10. Bxd4 Be6 11. Bxe6 fxe6 12. 0-0-0 Qa5 13. Rhe1 e5 14. Be3 b5 15. Kb1 Rfd8 16. Bg5 e6 17. Qf2 b4 18. Ne2 Qb5 19. Qh4 Kf7 20. Nc1 h5 21. f4 Rd7 22. f5 exf5 23. exf5 gxf5 24. Bxf6 Bxf6 25. Qxh5+ Ke6 26. Ne2 e4 27. Nf4+ Ke7 28. Nd5+ Ke6 29. Rxe4+ fxe4 30. Nf4+ 1-0

[Event "Beirut op 7th"]
[Site "Beirut"]
[Date "2014.05.09"]
[Round "4"]
[White "Hammoud, Nadim"]
[Black "Najjar, Ahmad"]
[Result "1/2-1/2"]
[WhiteElo "1920"]
[BlackElo "2241"]
[PlyCount "96"]
[EventDate "2014.05.06"]
[EventType "swiss"]
[EventRounds "9"]
[EventCountry "LBN"]
[SourceTitle "EXT 2016"]
[Source "ChessBase"]
[SourceDate "2015.10.08"]
[SourceVersion "1"]
[SourceVersionDate "2015.10.08"]
[SourceQuality "1"]

1. c4 e6 2. Nc3 c5 3. g3 Nf6 4. Bg2 Be7 5. e4 Nc6 6. d3 0-0 7. Nge2 d6 8. 0-0 e5 9. h3 a6 10. f4 Rb8 11. f5 b5 12. b3 b4 13. Nd5 Nxd5 14. cxd5 Nd4 15. Nxd4 cxd4 16. Bd2 a5 17. a3 Bg5 18. h4 Bf6 19. axb4 axb4 20. Qe1 Qb6 21. Ra4 Bd7 22. Rxb4 Bb5 23. Bg5 Bxg5 24. hxg5 Rfc8 25. f6 g6 26. g4 Qd8 27. Qh4 Kh8 28. Ra1 Bxd3 29. Qh6 Qf8 30. Rxb8 Rxb8 31. b4 Kg8 32. Ra7 Be2 33. Rd7 Bxg4 34. Ra7 Be2 35. Kf2 Bb5 36. Bh3 Qxh6 37. gxh6 Bd3 38. Kf3 Bb5 39. Be6 Be8 40. b5 fxe6 41. Rg7+ Kh8 42. dxe6 Bxb5 43. Rb7 Rf8 44. Rf7 Kg8 45. Rg7+ Kh8 46. Rf7 Kg8 47. Rg7+ Kh8 48. Rf7 Kg8 1/2-1/2

[Event "LIB-ch"]
[Site "Beirut"]
[Date "2014.03.07"]
[Round "5"]
[White "El Jawich, Amro"]
[Black "Hammoud, Nadim"]
[Result "1-0"]
[WhiteElo "2147"]
[BlackElo "1919"]
[PlyCount "49"]
[EventDate "2014.03.03"]
[EventType "swiss"]
[EventRounds "7"]
[EventCountry "LBN"]
[SourceTitle "EXT 2016"]
[Source "ChessBase"]
[SourceDate "2015.10.08"]
[SourceVersion "1"]
[SourceVersionDate "2015.10.08"]
[SourceQuality "1"]

1. e4 c5 2. Nf3 Nc6 3. d4 cxd4 4. Nxd4 Nf6 5. Nc3 d6 6. Bg5 Qb6 7. Nb3 Ng4 8. Qd2 Be6 9. h3 Nge5 10. Nd5 Bxd5 11. exd5 Nb8 12. Be3 Qc7 13. f4 Ned7 14. 0-0-0 Na6 15. Bb5 Rc8 16. Kb1 Nab8 17. Bxa7 b6 18. Bxb8 Rxb8 19. Rhe1 g6 20. Qd4 Rg8 21. Qe3 Rc8 22. c4 Kd8 23. Nd4 Nb8 24. Bc6 Bg7 25. Nb5 1-0

[Event "LIB-ch"]
[Site "Beirut"]
[Date "2013.10.02"]
[Round "4"]
[White "Hammoud, Nadim"]
[Black "Jalloul, Maya M"]
[Result "1-0"]
[WhiteElo "1944"]
[BlackElo "1942"]
[PlyCount "103"]
[EventDate "2013.09.28"]
[EventType "tourn"]
[EventRounds "11"]
[EventCountry "LBN"]
[SourceTitle "EXT 2014"]
[Source "ChessBase"]
[SourceDate "2013.11.20"]
[SourceVersion "1"]
[SourceVersionDate "2013.11.20"]
[SourceQuality "1"]

1. e4 c5 2. Nf3 d6 3. d4 cxd4 4. Nxd4 Nf6 5. Nc3 a6 6. Be3 e5 7. Nb3 Be6 8. Be2 b5 9. a3 Nbd7 10. 0-0 Be7 11. f4 exf4 12. Bxf4 Ne5 13. Qd4 Qc7 14. Rfd1 0-0 15. Rac1 Rfd8 16. Nd5 Nxd5 17. exd5 Bf5 18. Qf2 Bd7 19. Nd2 Re8 20. c4 bxc4 21. Nxc4 Nxc4 22. Rxc4 Qa7 23. Be3 Bh4 24. Bxa7 Bxf2+ 25. Kxf2 Rxa7 26. Rdc1 Raa8 27. Rc7 Ba4 28. Rb7 Reb8 29. Bxa6 g6 30. Rxb8+ Rxb8 31. Rc8+ Rxc8 32. Bxc8 Kf8 33. Ke3 Ke7 34. b4 Kd8 35. Ba6 Kc7 36. Bc4 Kb6 37. Kd4 Bd1 38. Kc3 f5 39. g3 h6 40. Bb3 Bxb3 41. Kxb3 g5 42. Kc4 Ka6 43. a4 Kb6 44. b5 Ka5 45. Kc3 Kb6 46. Kb4 Ka7 47. a5 Kb7 48. b6 Ka6 49. Kc4 Kb7 50. Kb5 f4 51. gxf4 gxf4 52. a6+ 1-0

[Event "Beirut op 6th"]
[Site "Beirut"]
[Date "2013.??.??"]
[Round "7"]
[White "Bohlok, Houssam"]
[Black "Hammoud, Nadim"]
[Result "0-1"]
[WhiteElo "1873"]
[BlackElo "1885"]
[PlyCount "118"]
[EventDate "2013.05.17"]
[EventType "swiss"]
[EventRounds "9"]
[EventCountry "LBN"]
[SourceTitle "EXT 2018"]
[Source "ChessBase"]
[SourceDate "2017.10.13"]
[SourceVersion "1"]
[SourceVersionDate "2017.10.13"]
[SourceQuality "1"]

1. Nf3 c5 2. b3 Nc6 3. Bb2 Nf6 4. e3 g6 5. Bb5 Bg7 6. 0-0 0-0 7. d4 cxd4 8. Nxd4 a6 9. Be2 d6 10. Nd2 Bd7 11. N2f3 Rc8 12. c4 Qa5 13. Qd2 Ne4 14. Qxa5 Nxa5 15. Bd3 Nc5 16. Bc2 b5 17. cxb5 axb5 18. b4 Nc4 19. Bc3 Ne6 20. Nxe6 Bxe6 21. Bxg7 Kxg7 22. Rfc1 Na3 23. Bb3 Bxb3 24. axb3 Nc2 25. Rab1 Nxb4 26. Nd4 Rb8 27. Ra1 e5 28. Nc6 Nxc6 29. Rxc6 Ra8 30. Raa6 Rfc8 31. Kf1 Rxa6 32. Rxa6 Rc3 33. Rxd6 Rxb3 34. Ke2 e4 35. h3 Rb1 36. Rb6 Rb2+ 37. Ke1 b4 38. g3 b3 39. h4 f5 40. Kf1 Rb1+ 41. Kg2 b2 42. Kh2 Kh6 43. Rb7 Kh5 44. Kg2 Kh6 45. Kh2 g5 46. Rb6+ Kh5 47. hxg5 Kxg5 48. Kg2 h5 49. Kh2 h4 50. gxh4+ Kxh4 51. Kg2 Kg5 52. Kh2 f4 53. Rb5+ Kg4 54. exf4 Kxf4 55. Kg2 Kg4 56. Rb3 Kf4 57. f3 e3 58. Rb4+ Ke5 59. Rb3 Rd1 0-1